[Event "TCh-CHN 2012"]
[Site "Tianjin CHN"]
[Date "2012.07.13"]
[Round "9"]
[White "Javakhishvili,L"]
[Black "Nie,X"]
[Result "1-0"]
[WhiteElo "2448"]
[BlackElo "2053"]

1.Nf3 d5 2.c4 c6 3.e3 Nf6 4.Nc3 a6 5.Qc2 g6 6.d4 Bg7 7.Be2 O-O 8.O-O b5 9.cxd5 cxd5
10.Ne5 Qc7 11.Qb3 Qd6 12.Bf3 Be6 13.Nd3 Nbd7 14.a4 bxa4 15.Nxa4 Ne4 16.Nf4 f5
17.Qa2 g5 18.Nxe6 Qxe6 19.Bd2 g4 20.Bxe4 fxe4 21.Rac1 h5 22.Rc7 h4 23.Nc3 Nb6
24.Ne2 Qd6 25.Rfc1 Rf6 26.Nf4 Kh7 27.R1c5 Nd7 28.R5c6 Qxc6 29.Rxc6 Rxc6 30.Qxd5 Rac8
31.Qxe4+ Kg8 32.Kf1 Nf6 33.Qxe7 R6c7 34.Qe6+ Kh7 35.Qf5+ Kg8 36.Ne6 Rc6 37.d5  1-0

[Event "32nd Benasque Open"]
[Site "Benasque ESP"]
[Date "2012.07.14"]
[Round "10.6"]
[White "Nabaty,T"]
[Black "Espinosa Aranda,A"]
[Result "1-0"]
[WhiteElo "2582"]
[BlackElo "2402"]

1.Nf3 d5 2.c4 c6 3.e3 Nf6 4.Nc3 a6 5.Qc2 g6 6.d4 Bg7 7.Bd3 Bg4 8.Qb3 Ra7
9.a4 O-O 10.a5 Nbd7 11.cxd5 cxd5 12.Nxd5 Nxd5 13.Qxd5 Ne5 14.Be4 Bxf3 15.Qxd8 Rxd8
16.gxf3 f5 17.dxe5 fxe4 18.f4 Raa8 19.Bd2 Rac8 20.Bc3 Rc4 21.Ke2 Kf7 22.Rhd1 Ke8
23.Rxd8+ Kxd8 24.Kd2 Bf8 25.b3 Rc8 26.Ra4 Kd7 27.Rxe4 Ke6 28.Rb4 Rc7 29.e4 Bh6
30.Rb6+ Kd7 31.e6+ Kc8 32.Be5 Rc5 33.Kd3 Rxa5 34.Rb4 Rc5 35.Rd4 Rc6 36.f5 Rc1
37.f4 Rc6 38.Rd7 Bf8 39.b4 Rc1 40.Rd5 Rd1+ 41.Kc4 Rc1+ 42.Kd4 b6 43.Ke3 Re1+
44.Kf3 Rf1+ 45.Ke2 Rh1 46.Rd7  1-0

[Event "11th Bergamo Open Elite"]
[Site "Bergamo ITA"]
[Date "2012.07.14"]
[Round "4.5"]
[White "Daskevics,Va"]
[Black "Moroni,L"]
[Result "1-0"]
[WhiteElo "2457"]
[BlackElo "2128"]

1.Nf3 d5 2.c4 e6 3.b3 Nf6 4.g3 Be7 5.Bg2 O-O 6.O-O c5 7.e3 b6 8.Bb2 Bb7 9.Qe2 Nc6
10.d3 Qc7 11.Ne1 Rad8 12.f4 a6 13.g4 Ne8 14.cxd5 exd5 15.Nc3 Na5 16.Rc1 Qd7
17.Na4 Qe6 18.f5 Qd6 19.Nf3 Bf6 20.d4 c4 21.Nd2 cxb3 22.axb3 Nc7 23.Qf2 Rfe8
24.Bc3 Bc6 25.Nxb6 Bb5 26.Bxa5 Bxf1 27.Nxf1 Rb8 28.Qc2  1-0

[Event "11th Condom IM 2012"]
[Site "Condom FRA"]
[Date "2012.07.14"]
[Round "1.4"]
[White "Cioara,A"]
[Black "Villegas,P"]
[Result "1-0"]
[WhiteElo "2484"]
[BlackElo "2274"]

1.Nf3 d5 2.c4 e6 3.g3 Nf6 4.Bg2 Be7 5.O-O O-O 6.d4 dxc4 7.Qc2 a6 8.a4 Bd7
9.e4 Bc6 10.Nc3 a5 11.Rd1 Na6 12.Ne5 Nb4 13.Qe2 Ra6 14.Qxc4 Nd7 15.Nxc6 Nxc6
16.Bf4 Qb8 17.Nb5 e5 18.dxe5 Ndxe5 19.Bxe5 Nxe5 20.Qxc7 Qxc7 21.Nxc7 Rc6
22.Nd5 Bc5 23.Bh3 Rh6 24.Kg2 b6 25.Rac1 Nc6 26.f4 Nb4 27.Nxb4 axb4 28.Bd7 Ra8
29.e5 Kf8 30.Bb5 Re6 31.Kf3 g6 32.Rd7 Re7 33.Rcd1 Ra7 34.Rxa7 Rxa7 35.Rd8+ Kg7
36.g4 Bg1 37.Rd1 Bc5 38.f5 gxf5 39.gxf5 Kh6 40.Kf4 Rc7 41.Rd3  1-0

[Event "Sparkassen Open A"]
[Site "Dortmund GER"]
[Date "2012.07.15"]
[Round "2.24"]
[White "Krueger,An"]
[Black "Zolfagharian,Kevin"]
[Result "1/2-1/2"]
[WhiteElo "2143"]
[BlackElo "1948"]

1.Nf3 d5 2.c4 c6 3.g3 Nf6 4.Bg2 e6 5.O-O Bd6 6.b3 Nbd7 7.d4 Ne4 8.Qc2 h5
9.Nbd2 Ndf6 10.Ne5 Nxd2 11.Bxd2 h4 12.c5 Bxe5 13.dxe5 Ng4 14.h3 Nxe5 15.Bc3 Ng6
16.Bxg7 Rh7 17.Qc3 Qc7 18.Bf6 hxg3 19.Qxg3 Qf4 20.Bg5 Qxg3 21.fxg3 e5 22.h4 Nf8
23.b4 Bg4 24.Kf2 Ne6 25.Bf6 Rh5 26.e3 Kd7 27.Bf3 Bxf3 28.Kxf3 a5 29.Kg4 Rh7
30.a3 e4 31.h5 Rh6 32.Be5 Rg8+ 33.Kh4 Rg5 34.g4 Rxe5 35.Rxf7+ Ke8  1/2-1/2

[Event "Corporation Centre Cup A"]
[Site "Izhevsk RUS"]
[Date "2012.07.15"]
[Round "1"]
[White "Vafin,A"]
[Black "Panarin,M"]
[Result "0-1"]
[WhiteElo "2183"]
[BlackElo "2549"]

1.Nf3 d5 2.c4 e6 3.b3 Nf6 4.Bb2 Be7 5.g3 O-O 6.Bg2 b6 7.O-O Bb7 8.e3 Nbd7
9.Nc3 c5 10.cxd5 Nxd5 11.Nxd5 Bxd5 12.d4 Qc8 13.Qe2 Qb7 14.dxc5 Nxc5 15.Rfd1 Rad8
16.Ne1 Bxg2 17.Nxg2 Ne4 18.Ne1 Bb4 19.Rxd8 Rxd8 20.Rd1 Rd5 21.Nf3 h6 22.Rxd5 Qxd5
23.h4 b5 24.Nd4 a6 25.Nf3 Bc3 26.Ba3 g5 27.hxg5 hxg5 28.Be7 g4 29.Ne1 f5
30.Nd3 Kf7 31.Bh4 Nd2 32.Ne1 Ba5 33.Kh2 Ke8 34.Kg1 Qe4 35.Kh2 Qb1 36.Kg2 Qxa2
37.e4 Qxb3 38.exf5 Qd5+ 39.Kg1 Qxf5 40.Qe3 Qe4 41.Nc2 Qxe3 42.Nxe3 Bc3  0-1

[Event "7th Nana Aleksandria Cup"]
[Site "Poti GEO"]
[Date "2012.07.15"]
[Round "2.6"]
[White "Nigalidze,G"]
[Black "Eshghi,K"]
[Result "1-0"]
[WhiteElo "2441"]
[BlackElo "2076"]

1.Nf3 d5 2.c4 c6 3.e3 Nf6 4.b3 Bf5 5.d3 Nbd7 6.Bb2 e6 7.Nbd2 Bd6 8.Qc2 e5
9.h3 h6 10.g4 Bh7 11.Nh4 e4 12.Nf5 Bxf5 13.gxf5 exd3 14.Bxd3 Be5 15.Bxe5 Nxe5
16.Be2 Qe7 17.cxd5 Nxd5 18.Rg1 O-O-O 19.a3 Rd7 20.Ne4 Nf6 21.Nc5 Rd5 22.Rc1 b6
23.Nd3 Nxd3+ 24.Bxd3 Rc5 25.Qb2 Rd8 26.Rxc5 Qxc5 27.Ke2 Qd6 28.Qc2 Ne8 29.Rg4 Kb7
30.b4 Qf6 31.Rc4 Nc7 32.Be4 Rd6 33.a4 a6 34.a5 Nb5 35.Qc1 bxa5 36.bxa5 Kc7
37.Rc5 Kd7 38.Qc4 Nc7 39.Qb3 Nb5 40.h4 Qe7 41.Qc2 Qf6 42.Qc4 Nc7 43.Kf3 Nb5
44.Kg3 h5 45.Bf3 g6 46.Bxc6+ Ke7 47.Bxb5 axb5 48.Qxb5 Rd1 49.Re5+ Kf8 50.Re8+ Kg7
51.Qe5 Qxe5+ 52.Rxe5 Kf6 53.Rb5 Rg1+ 54.Kh2 Rg4 55.fxg6 Rxh4+ 56.Kg3 Rg4+
57.Kf3 Kxg6 58.Rb8 Ra4 59.Ra8 Kf5 60.a6 Kg6 61.a7 Kf6 62.e4 Kg7 63.Kg3 Kf6
64.f4 Ra1 65.e5+ Kg7 66.Kh4 Rh1+ 67.Kg5 Ra1 68.Kxh5 Rh1+ 69.Kg4 Rg1+ 70.Kf3 Rf1+
71.Ke2 Ra1 72.f5 Ra2+ 73.Kd3 Ra3+ 74.Kd2 Ra2+ 75.Kc3 Ra3+ 76.Kb2 Ra6 77.e6 fxe6
78.fxe6 Rb6+ 79.Kc3 Rxe6 80.Rc8  1-0

[Event "ch-MNE 2012"]
[Site "Cetinje MNE"]
[Date "2012.07.17"]
[Round "10.2"]
[White "Pajkovic,V"]
[Black "Blagojevic,Dr"]
[Result "1/2-1/2"]
[WhiteElo "2421"]
[BlackElo "2510"]

1.Nf3 d5 2.c4 e6 3.g3 dxc4 4.Qa4+ c6 5.Qxc4 b5 6.Qb3 Bb7 7.Bg2 a6 8.O-O Nf6
9.d4 c5 10.dxc5 Nbd7 11.Rd1 Bd5 12.Qc2 Bxc5 13.Nc3 Rc8 14.Qd3 Bc4 15.Qb1 Qb6
16.e3 Bb4 17.Nd2 Bxc3 18.Nxc4 Rxc4 19.bxc3 O-O 20.Ba3 Rfc8 21.Rd6 Qa7 22.Qd1 h6
23.Bb2 Ne5 24.a4 Rxa4 25.Rxa4 bxa4 26.c4 Ned7 27.Qxa4 Qb8 28.Qxa6 Nc5 29.Qb6 Qxb6
30.Rxb6 Na4 31.Rb4 Nxb2 32.Rxb2 Rxc4 33.Bf3 g5 34.h3 h5 35.Rb5 g4 36.hxg4 hxg4
37.Be2 Ra4 38.Rc5 Kg7 39.Rc4 Rxc4 40.Bxc4 Ne4 41.Kg2 Kf6 42.Be2 Kg5 43.Bb5 Nd2
44.Be8 Kf6 45.Bb5 Ke5 46.Be8 f6 47.Bb5 f5 48.Bd7 Kd6 49.Bb5 Kc5 50.Bd7 Kd5
51.Bb5 Ne4 52.Ba4 Ng5 53.Bb3+ Kc5 54.Ba4 Kc4 55.Bc6 Kd3 56.Bb5+ Kd2 57.Bd7 Kd3
58.Bb5+ Ke4 59.Bc6+ Ke5 60.Bb7 Kf6 61.Bc6 e5 62.Bd7 Ne4 63.Kf1 Nc5 64.Bc8 e4  1/2-1/2

[Event "11th Condom Open A"]
[Site "Condom FRA"]
[Date "2012.07.17"]
[Round "5.4"]
[White "Anton,T"]
[Black "Petre,NT"]
[Result "1/2-1/2"]
[WhiteElo "2423"]
[BlackElo "2362"]

1.Nf3 d5 2.c4 c6 3.e3 Nf6 4.Nc3 g6 5.b3 Bg7 6.Bb2 O-O 7.d4 Bf5 8.Be2 Ne4
9.Nxe4 Bxe4 10.O-O Nd7 11.Ng5 Nf6 12.Nxe4 Nxe4 13.f3 Nd6 14.Bd3 e6 15.Qd2 Qg5
16.cxd5 exd5 17.Rae1 a5 18.a4 Rfe8 19.Bc3 b6 20.Qf2 f5 21.Bd2 Qf6 22.Rc1 Nb7
23.g3 Re6 24.Kg2 Rae8 25.Rfe1 Kh8 26.Rc2 Nd8 27.b4 axb4 28.Bxb4 Bh6 29.Bd2 Qe7
30.f4 Qa3 31.Qf1 Bg7 32.Ra1 Qe7 33.a5 bxa5 34.Rxa5 h6 35.Qa1 Qf7 36.Ra8 Kh7
37.Ra7 R8e7 38.Rxe7 Qxe7 39.Qa8 Qd6 40.Qc8 Qe7 41.Ra2 h5 42.Ra8 Nf7 43.Bb4 Qxb4
44.Qxe6 Qd2+ 45.Kh3 Qxd3 46.Qxf7 Qe2  1/2-1/2

[Event "6th Varna Open"]
[Site "Varna BUL"]
[Date "2012.07.17"]
[Round "6.3"]
[White "Nikolov,Sas"]
[Black "Sofranov,V"]
[Result "1-0"]
[WhiteElo "2386"]
[BlackElo "2210"]

1.Nf3 d5 2.c4 d4 3.g3 Nc6 4.Bg2 e5 5.d3 Nf6 6.O-O Be7 7.b4 Nd7 8.b5 Ncb8
9.e3 O-O 10.exd4 exd4 11.Nbd2 Nc5 12.Nb3 Ne6 13.a4 a6 14.Bb2 c5 15.bxc6 Nxc6
16.Re1 Bf6 17.Nfd2 Re8 18.h4 Rb8 19.Ba3 Be7 20.c5 Nc7 21.Nc4 Be6 22.Nd6 Rf8
23.Nd2 Nd5 24.N2c4 Qc7 25.Qf3 h6 26.Nf5 Bf6 27.Nb6 Nxb6 28.cxb6 Qxb6 29.Nxh6+ Kh8
30.Bxf8 Rxf8 31.Qh5 g6 32.Nxf7+ Kg7 33.Qh6+ Kxf7 34.Rxe6 Rd8 35.Rae1  1-0

[Event "72nd ch-ITA S/F 2012"]
[Site "Civitanova Marche ITA"]
[Date "2012.07.18"]
[Round "5"]
[White "Bellini,F"]
[Black "De Filomeno,S"]
[Result "1/2-1/2"]
[WhiteElo "2506"]
[BlackElo "2338"]

1.Nf3 d5 2.c4 e6 3.b3 Nf6 4.Bb2 Be7 5.g3 b6 6.Bg2 Bb7 7.O-O O-O 8.e3 Nbd7
9.Nc3 Ne4 10.cxd5 Nxc3 11.dxc3 Bxd5 12.c4 Be4 13.Qd4 Nf6 14.Rad1 Qc8 15.Ng5 Bxg2
16.Kxg2 Qb7+ 17.f3 Rfd8 18.Qc3 Ne8 19.Nh3 Bf6 20.Qc2 Qc6 21.Ba3 Nd6 22.Bxd6 Rxd6
23.Nf2 Rad8 24.Ne4 Rxd1 25.Rxd1 Rxd1 26.Nxf6+ gxf6 27.Qxd1 Qc5 28.Qd3 Kg7
29.g4 Qa5 30.a4 Qe1 31.h3 h6 32.f4 c5 33.f5 e5 34.e4  1/2-1/2

[Event "Sparkassen Open A"]
[Site "Dortmund GER"]
[Date "2012.07.18"]
[Round "5.8"]
[White "Krueger,An"]
[Black "Gindi,S"]
[Result "0-1"]
[WhiteElo "2143"]
[BlackElo "2245"]

1.Nf3 d5 2.c4 e6 3.g3 c5 4.Bg2 Nc6 5.O-O Nf6 6.d4 Be7 7.dxc5 Bxc5 8.a3 O-O
9.b4 Bb6 10.Nbd2 e5 11.cxd5 Nxd5 12.Bb2 f6 13.Nc4 Be6 14.Rc1 Bc7 15.Nfd2 Qe7
16.Nb3 Rfd8 17.Qc2 Bb6 18.Nxb6 axb6 19.b5 Na5 20.Nxa5 bxa5 21.e4 Nb6 22.Qc7 Qxc7
23.Rxc7 Nc4 24.Bc1 Rd7 25.Rxd7 Bxd7 26.a4 Kf7 27.Rd1 Ke8 28.Bf1 Nb6 29.Bd2 Nxa4
30.Rc1 b6 31.Be3 Rc8 32.Ra1 Nc5 33.f3 Ke7 34.Kf2 Nb3 35.Ra2 Nd4 36.Rd2 Rc5
37.Rb2 Rc3 38.f4 Kd6 39.Bxd4 exd4 40.Rd2 Kc5 41.e5 fxe5 42.fxe5 Kd5 43.Re2 Re3
44.Rxe3 dxe3+ 45.Kxe3 Kxe5 46.Bc4 a4 47.Kd3 Kd6 48.Kd4 g5 49.h4 gxh4 50.gxh4 h6
51.Kc3 Kc5 52.Bd3 Bxb5 53.Bc2 Bc6  0-1

[Event "Turkish Bank Chess League 2012"]
[Site "Konya TUR"]
[Date "2012.07.18"]
[Round "9"]
[White "Ustundag,Nefise Melis"]
[Black "Gundogan,Sinem Cagla"]
[Result "0-1"]
[WhiteElo "1571"]
[BlackElo "1601"]

1.Nf3 d5 2.c4 e6 3.e3 Nf6 4.d4 Be7 5.Bd3 Nbd7 6.Nc3 b6 7.a3 Bb7 8.b4 dxc4
9.Bxc4 O-O 10.O-O Ne4 11.Nxe4 Bxe4 12.Bd3 Bb7 13.e4 c5 14.bxc5 bxc5 15.Rb1 Qc7
16.Bf4 Qxf4 17.Rxb7 Rfd8 18.Bb5 Qd6 19.e5 Qd5 20.dxc5 Qxb7 21.Qe2 Nxc5 22.Rc1 Qe4
23.Qa2 a6 24.Bc4 Nd3 25.Qb1 Rab8 26.Qc2 Rb2 27.Bxd3 Rxc2  0-1

[Event "23rd Czech Open Rapid"]
[Site "Pardubice CZE"]
[Date "2012.07.19"]
[Round "6.5"]
[White "Yatsenko,A"]
[Black "Buhmann,R"]
[Result "1/2-1/2"]
[WhiteElo "2475"]
[BlackElo "2571"]

1.Nf3 d5 2.c4 e6 3.g3 Nf6 4.Bg2 Be7 5.O-O O-O 6.b3 c6 7.Qc2 b6 8.Bb2 Bb7
9.d4 Nbd7 10.Nc3 Rc8 11.Rfd1 Qc7 12.Rac1 Qb8 13.Qb1 Rfd8 14.a3 h6 15.cxd5 cxd5
16.Ne1 Rc7 17.Nb5 Rxc1 18.Rxc1 a6 19.Nc3 Rc8 20.Na2 Ne4 21.Qd3 Rxc1 22.Nxc1 Qc7
23.Qc2 Qxc2 24.Nxc2 Kf8 25.f3 Nd6 26.Kf2 Nb8 27.Ke1 Nc6 28.Kd2 Ke8 29.Bf1 Kd7
30.e3 g5 31.Ne1 f5 32.Ncd3 a5 33.Ne5+ Nxe5 34.dxe5 Ne8 35.Nc2 Nc7 36.Bd4 Kc6
37.Bb2 Ba6 38.Bd3 Bxd3 39.Kxd3 Na6 40.Nd4+ Kd7 41.Kc2 Bc5 42.Kd3 Bxd4 43.exd4 Nb8
44.Bc1 Nc6 45.Bd2 Ke7 46.a4 Kf7 47.h3 Kg6 48.g4 Kf7 49.Bc3 Ke8 50.Ke2 Ne7
51.Bd2 Ng6 52.Kf2 Kd7 53.Kg3 f4+ 54.Kf2 Ne7 55.Ke2 Nc6 56.Kd3 Kc7 57.Bc1 b5
58.axb5 Nb4+ 59.Kd2 Kb6 60.Ba3 Kxb5 61.Kc3 Na2+ 62.Kb2 Nb4 63.Kc3  1/2-1/2

[Event "23rd Czech Open Rapid"]
[Site "Pardubice CZE"]
[Date "2012.07.19"]
[Round "7.1"]
[White "Arutinian,D"]
[Black "Ivanov,Ol UKR"]
[Result "1/2-1/2"]
[WhiteElo "2556"]
[BlackElo "2506"]

1.Nf3 d5 2.c4 c6 3.e3 Nf6 4.Nc3 g6 5.d4 Bg7 6.Be2 O-O 7.O-O Ne4 8.Qb3 Nxc3
9.bxc3 b6 10.a4 Ba6 11.Ba3 Nd7 12.Rfd1 Re8 13.Bf1 Bxc4 14.Bxc4 dxc4 15.Qxc4 Qc7
16.Ng5 e6 17.Ne4 Nf6 18.Nd2 Rac8 19.e4 e5 20.f3 exd4 21.cxd4 c5 22.d5 Nh5
23.Rab1 Bd4+ 24.Kh1 Qf4 25.Nf1 Qe5 26.a5 Rb8 27.axb6 Rxb6 28.Bxc5 Bxc5 29.Qxc5 Reb8
30.Rxb6 Rxb6 31.Ne3 Nf4 32.Nc4 Qg5 33.g3 Qh5 34.Qe3 Rb4 35.Qxf4 Rxc4 36.Qb8+ Kg7
37.Qb2+ f6 38.Kg2 Rxe4 39.d6 Re8 40.Qa2 Qb5 41.Rd2 Qd7 42.Qd5 Re5 43.Qc4 a5
44.g4 h5 45.h3 a4 46.Qb4 hxg4 47.hxg4 Re6 48.Qc5 Re8 49.Qd4 g5 50.Kg3 Rd8
51.Qd3 Qe6 52.Kg2 Rd7 53.Rd1 Qa2+ 54.Kg3 Qe6 55.Qc2 a3 56.Kg2 Qe5 57.Rd2 a2
58.Qxa2 Rxd6 59.Re2 Qd5 60.Re7+ Kf8 61.Qxd5  1/2-1/2

[Event "6th Varna Open"]
[Site "Varna BUL"]
[Date "2012.07.19"]
[Round "8.11"]
[White "Arnaudov,P"]
[Black "Sofranov,V"]
[Result "0-1"]
[WhiteElo "2180"]
[BlackElo "2210"]

1.Nf3 d5 2.c4 d4 3.b4 f6 4.e4 e5 5.a3 a5 6.b5 Nh6 7.d3 Nf7 8.Be2 Nd7 9.O-O Nc5
10.Nbd2 a4 11.Ne1 Bd6 12.Bg4 O-O 13.Bxc8 Qxc8 14.Rb1 g6 15.Qe2 Ng5 16.Nc2 Nge6
17.g3 Qd7 18.Nb4 Rae8 19.Nf3 Qg7 20.Nh4 f5 21.exf5 gxf5 22.Qh5 Qf7 23.Qxf7+ Rxf7
24.f3 Be7 25.Ng2 e4 26.fxe4 fxe4 27.Rxf7 Kxf7 28.dxe4 Nxe4 29.Nd3 N6c5 30.Ngf4 Nxd3
31.Nxd3 Nc5 32.Nf4 Bd6 33.Bb2 Bxf4 34.gxf4 Re4 35.Rd1 d3 36.Be5 Rxc4 37.Kf2 d2
38.Ke2 Ne4 39.f5 Rc1 40.Bb2 Rxd1 41.Kxd1 c6 42.bxc6 bxc6 43.Be5 c5  0-1

[Event "23rd Czech Open A"]
[Site "Pardubice CZE"]
[Date "2012.07.20"]
[Round "1.37"]
[White "Harika,D"]
[Black "Pecha,T"]
[Result "1-0"]
[WhiteElo "2499"]
[BlackElo "2263"]

1.Nf3 d5 2.c4 c6 3.e3 Nf6 4.Nc3 e6 5.b3 Nbd7 6.Qc2 Be7 7.Bb2 O-O 8.Be2 Re8
9.Rg1 Bd6 10.g4 Re7 11.g5 Ne8 12.h4 Ne5 13.h5 Nxf3+ 14.Bxf3 Be5 15.d4 Bd6
16.O-O-O f5 17.gxf6 Nxf6 18.e4 Bf4+ 19.Kb1 Bh6 20.Be2 Kh8 21.Bd3 Qg8 22.Ba3 Rf7
23.Bd6 Bd7 24.Rg2 Rd8 25.Be5 Bc8 26.Rdg1 Rdf8 27.f4 Ne8 28.exd5 Bxf4 29.d6 Be3
30.h6 Bxh6 31.Rh1  1-0

[Event "7th Nana Aleksandria Cup"]
[Site "Poti GEO"]
[Date "2012.07.20"]
[Round "9.12"]
[White "Purtseladze,M"]
[Black "Khomeriki,N"]
[Result "1/2-1/2"]
[WhiteElo "2348"]
[BlackElo "1945"]

1.Nf3 d5 2.c4 e6 3.b3 Nf6 4.Bb2 Bd6 5.d4 b6 6.Nc3 a6 7.e3 Bb7 8.Bd3 Nbd7
9.Qc2 O-O 10.e4 dxe4 11.Nxe4 Nxe4 12.Bxe4 Bxe4 13.Qxe4 Bb4+ 14.Kf1 Re8 15.g3 Ra7
16.Kg2 Qa8 17.Qxa8 Raxa8 18.Rad1 Rad8 19.Rd3 Be7 20.Rhd1 Bf6 21.g4 g6 22.g5 Bg7
23.Bc1 Bf8 24.Bf4 Bd6 25.Be5 Kf8 26.Ne1 Nxe5 27.dxe5 Ke7 28.f4 a5 29.Kf3 h6
30.gxh6 Rh8 31.Nc2 Rxh6 32.Nd4 Rh3+ 33.Kg2 Rxd3 34.Nc6+ Ke8 35.Rxd3 Rc8 36.Kg3  1/2-1/2

[Event "Grand Prix FFE Aix 2012"]
[Site "Aix les Bains FRA"]
[Date "2012.07.21"]
[Round "3.3"]
[White "Fressinet,L"]
[Black "Ninov,N"]
[Result "1/2-1/2"]
[WhiteElo "2714"]
[BlackElo "2501"]

1.Nf3 d5 2.c4 e6 3.g3 dxc4 4.Qa4+ Bd7 5.Qxc4 Bc6 6.Bg2 Bd5 7.Qc2 Nc6 8.O-O Bxf3
9.Bxf3 Nd4 10.Qc3 c6 11.Re1 Nxf3+ 12.Qxf3 Nf6 13.Nc3 Bc5 14.d3 O-O 15.Bg5 Bd4
16.Ne4 h6 17.Nxf6+ Bxf6 18.Bxf6 Qxf6 19.Qxf6 gxf6 20.Rec1 Rfd8 21.Rc4 Rd5
22.Rb4 b6 23.Rc1 c5 24.Ra4 a5 25.Rh4 Kh7 26.a4 Rad8 27.Rhc4 Rd4 28.Rxd4 Rxd4
29.b3 f5 30.Kf1 h5 31.Ke1 Kg6 32.Kd2 e5 33.Kc3 Kf6 34.Rd1 Ke6 35.e3 Rd6 36.Kc4 e4
37.d4 Rd5 38.Rd2 cxd4 39.exd4 Kd6 40.f3 h4 41.Re2 hxg3 42.hxg3 exf3 43.Rf2 Kc6
44.Rxf3 b5+ 45.axb5+ Rxb5 46.Re3 Rb4+ 47.Kc3 Rb8 48.Re5 Ra8 49.Rxf5 a4 50.bxa4 Rxa4
51.g4 Ra7 52.Kc4 Ra4+ 53.Kd3 Ra7 54.Ke4 Kd6 55.Rf6+ Ke7 56.Rb6 Ra1 57.Rb5 Re1+
58.Kf4 Rf1+ 59.Kg3 Rd1 60.Rb4 Ke6 61.Kf4 Rf1+ 62.Kg5 f6+ 63.Kg6 Rf4 64.Rb6+ Ke7
65.Rb7+ Ke6 66.Rb6+ Ke7 67.Rb7+ Ke6 68.Rb4 Rxg4+ 69.Kh5 f5 70.d5+ Kxd5 71.Rxg4  1/2-1/2

[Event "2nd Science Park Open A"]
[Site "Amsterdam NED"]
[Date "2012.07.21"]
[Round "8.11"]
[White "Arjun,B"]
[Black "Schoorl,R"]
[Result "0-1"]
[WhiteElo "2250"]
[BlackElo "2362"]

1.Nf3 d5 2.c4 c6 3.cxd5 cxd5 4.d4 Nf6 5.Nc3 Nc6 6.Bf4 Nh5 7.Bd2 e6 8.e3 Bd6
9.Bd3 Nf6 10.O-O O-O 11.e4 dxe4 12.Nxe4 Be7 13.Qc2 g6 14.Rad1 Qb6 15.a3 Bd7
16.Bh6 Rfd8 17.Neg5 Ng4 18.Nxf7 Kxf7 19.Ng5+ Bxg5 20.Bxg5 Nf6 21.d5 exd5
22.Qc3 d4 23.Bc4+ Kg7 24.Qg3 Rf8 25.Qf4 Ng8 26.Qd6 Be8 27.Bd5 Rf5 28.h4 Nd8
29.Qxb6 axb6 30.Rxd4 Nc6 31.Rd2 h6 32.g4 Rxd5 33.Rxd5 hxg5 34.Rxg5 Ra5 35.f4 Rxg5
36.hxg5 Nge7 37.f5 Kf7 38.Kh2 Bd7 39.Rd1 Ne5 40.Kg3 gxf5 41.gxf5 Bxf5 42.Rd6 N5c6
43.b4 b5 44.Kf4 Be6 45.Ke4 Nf5 46.Rd1 Kg6 47.Rc1 Kxg5 48.Rc5 Kf6 49.Kf4 Nd6
50.Rh5 Ke7 51.Ke3 Nc4+ 52.Kd3 N6e5+ 53.Kc3 Kd6 54.Kb3 Nb6+ 55.Kb2 Nec4+ 56.Kb3 Ne3+
57.Kc3 Ned5+ 58.Kb2 Nc4+ 59.Kb3 Bg4 60.Rh7 Bd1+ 61.Ka2 b6 62.Rh3 Ke5 63.Rd3 Ke4
64.Rh3 Kd4 65.Rh4+ Kc3 66.Rh3+ Nce3 67.Rh8 Bb3+ 68.Kb1 Bc4 69.Ra8 Kb3 70.Kc1 Nc2
71.Rh8 Nxa3 72.Rh3+ Kxb4 73.Kb2 Nf4 74.Rc3 Nd3+ 75.Ka1 Nc5 76.Rh3 Ka4 77.Kb2 b4
78.Rh5 Nb5 79.Rh4 Nd3+ 80.Ka1 Kb3 81.Rh3 Kc3 82.Rh2 b3 83.Kb1 Kb4 84.Ra2 bxa2+
85.Ka1 Nf4  0-1

[Event "27th Avoine Open"]
[Site "Avoine FRA"]
[Date "2012.07.21"]
[Round "1.6"]
[White "Soyer,J"]
[Black "Dumitrache,D"]
[Result "0-1"]
[WhiteElo "2056"]
[BlackElo "2447"]

1.Nf3 d5 2.c4 e6 3.g3 Nf6 4.Bg2 c6 5.O-O Nbd7 6.d4 Be7 7.Nbd2 O-O 8.Qc2 b6
9.e4 Bb7 10.b3 c5 11.exd5 exd5 12.Ba3 Rc8 13.Rfe1 Re8 14.Rad1 dxc4 15.Qxc4 Bd5
16.Qd3 Qc7 17.Rc1 Qb7 18.Nh4 Bf8 19.Bb2 cxd4 20.Rxe8 Rxe8 21.Bxd5 Qxd5 22.Qxd4 Nc5
23.Qxd5 Nxd5 24.Rd1 Nb4 25.Kf1 Ncd3 26.Bd4 Nxa2 27.Ra1 Ndb4 28.Nhf3 g6 29.Nc4 b5
30.Ne3 Bg7 31.Bxg7 Kxg7 32.Nc2 a6 33.Nxb4 Nxb4 34.Nd2 Re6 35.h4 h5 36.Rc1 Rc6
37.Ra1 Kf6 38.Ke2 Kf5 39.f3 Ke5 40.Rd1 Nd5 41.Kd3 Rc3+ 42.Ke2 Re3+ 43.Kf2 Rd3
44.Ke2 Kd4 45.Rc1 Nc3+ 46.Ke1 Re3+ 47.Kf1 Kd3  0-1

[Event "23rd Czech Open A"]
[Site "Pardubice CZE"]
[Date "2012.07.21"]
[Round "2.79"]
[White "Karavade,E"]
[Black "Hladik,J"]
[Result "1-0"]
[WhiteElo "2343"]
[BlackElo "2131"]

1.Nf3 d5 2.c4 c6 3.g3 Nf6 4.Bg2 e6 5.O-O Be7 6.Qc2 O-O 7.d4 b6 8.Nbd2 Bb7
9.e4 dxe4 10.Nxe4 Nbd7 11.Rd1 Nxe4 12.Qxe4 Rc8 13.Bf4 Ba8 14.Qe2 Qe8 15.Rac1 h6
16.a3 Nf6 17.Ne5 c5 18.Bxa8 Rxa8 19.dxc5 Bxc5 20.b4 Be7 21.Qf3 Qc8 22.Nc6 Re8
23.Nxe7+ Rxe7 24.Bxh6 Qb7 25.Qxb7 Rxb7 26.Be3 Rc8 27.c5 bxc5 28.Rxc5 Rxc5
29.Rd8+ Kh7 30.Bxc5 Nd7 31.Bd6 Nb6 32.Rb8 Rd7 33.Bc5 Kg6 34.Kg2 Rd3 35.Bxb6 axb6
36.Rxb6 Rxa3 37.h4 Rb3 38.b5 f6 39.Rb8 e5 40.b6 e4 41.g4 Kh7 42.h5 g6 43.hxg6+ Kxg6
44.Kf1 Rb2 45.Ke1 Kg7 46.b7 Kh7 47.Kd1 Kg7 48.Kc1 Rb6 49.Kd2 Rb3 50.Kc2 Rb6
51.Kc3 Rb1 52.Kd4 Rb4+ 53.Kd5 Rb1 54.Kc6 Rc1+ 55.Kd5 Rd1+ 56.Kxe4 Re1+ 57.Kd3 Rb1
58.f4 Rb6 59.f5 Kh7 60.g5 fxg5 61.f6 Rxf6 62.Rd8  1-0

[Event "ch-AUT 2012"]
[Site "Zwettl AUT"]
[Date "2012.07.21"]
[Round "1.12"]
[White "Froewis,G"]
[Black "Toefferl,H"]
[Result "1-0"]
[WhiteElo "2366"]
[BlackElo "2155"]

1.Nf3 d5 2.c4 e6 3.d4 c6 4.e3 Bd6 5.b3 Ne7 6.Bd3 f5 7.O-O Nd7 8.Ba3 Bc7 9.cxd5 exd5
10.Qc2 O-O 11.Nc3 Nf6 12.Ne5 Be6 13.f4 Ne4 14.Ne2 Kh8 15.Rf3 Rf6 16.Rh3 Ng8
17.Rf1 Rh6 18.Rff3 Rxh3 19.Rxh3 Bxe5 20.dxe5 c5 21.Rf3 Rc8 22.Rf1 Nh6 23.h3 Qa5
24.Bb2 b5 25.Rd1 Qb6 26.Bxe4 fxe4 27.Qd2 b4 28.g4 Nxg4 29.hxg4 Bxg4 30.e6 Qxe6
31.Qxd5 Qxd5 32.Rxd5 Bxe2 33.Kf2 Bf3 34.Rd7 Kg8 35.Rxg7+ Kf8 36.Rxh7 Ke8
37.Rxa7 Rd8 38.Be5 Rd2+ 39.Kg3 Rd3 40.f5 Rxe3 41.f6 Bh5+ 42.Kf4 Re1 43.Re7+ Kf8
44.Bd6 Rf1+ 45.Kxe4 Rxf6 46.Kd5 Kg8 47.Kxc5 Bf7 48.Re2 Rg6 49.Rd2 Rg4 50.Kb5 Be8+
51.Ka5 Kf7 52.Bxb4 Rg5+ 53.Ka6 Bc6 54.Kb6 Bd5 55.Bc5 Rg6+ 56.Kb5 Ke6 57.Rd3 Ke5
58.a4 Bb7 59.Rd2 Bc6+ 60.Ka5 Rg2 61.Rd6 Bd5 62.b4 Ra2 63.Kb5 Bb3 64.a5 Rc2
65.Kb6 Ra2 66.a6 Bc4 67.Kb7 Be2 68.a7 Bf3+ 69.Rc6 Kd5 70.Bb6 Be2 71.b5 Ke5
72.a8=Q  1-0

[Event "2nd Science Park Open A"]
[Site "Amsterdam NED"]
[Date "2012.07.22"]
[Round "9.2"]
[White "Greenfeld,A"]
[Black "Bakre,T"]
[Result "1-0"]
[WhiteElo "2556"]
[BlackElo "2482"]

1.Nf3 d5 2.c4 c6 3.d4 Nf6 4.e3 e6 5.Bd3 Nbd7 6.b3 Bb4+ 7.Bd2 Bd6 8.Nc3 e5
9.cxd5 Nxd5 10.Nxd5 cxd5 11.dxe5 Nxe5 12.Bc3 Nc6 13.Bxg7 Rg8 14.Bc3 Rxg2
15.Bf1 Rg6 16.Qxd5 Be6 17.Qe4 Qc7 18.Bb5 O-O-O 19.Bxc6 bxc6 20.O-O-O Bd5
21.Qd3 Qe7 22.Rhe1 Ba3+ 23.Bb2 Bxb2+ 24.Kxb2 Bxf3 25.Qf5+ Kb7 26.Qxf3 Rf6
27.Qg3 Rfd6 28.Rxd6 Rxd6 29.Re2 Qf6+ 30.Kc2 Rd5 31.e4 Rc5+ 32.Kb1 Rg5 33.Qd3 Rg1+
34.Kc2 Qa1 35.Qd7+ Kb6 36.Qd8+ Ka6 37.Qd3+ Kb7 38.Qd7+ Ka6 39.Qxc6+ Ka5 40.Qc5+ Ka6
41.Qc6+ Ka5 42.Qc3+ Qxc3+ 43.Kxc3 Rg2 44.Rd2 Rxh2 45.Rd5+  1-0

[Event "Turkish Bank Chess League 2012"]
[Site "Konya TUR"]
[Date "2012.07.22"]
[Round "13"]
[White "Khotenashvili,B"]
[Black "Gunina,V"]
[Result "1-0"]
[WhiteElo "2505"]
[BlackElo "2533"]

1.Nf3 d5 2.c4 c6 3.g3 Bg4 4.Bg2 e6 5.O-O Nd7 6.cxd5 exd5 7.d4 Ngf6 8.Nc3 Be7
9.Ne5 Bh5 10.f4 Nxe5 11.dxe5 Nd7 12.h3 f5 13.g4 fxg4 14.e3 O-O 15.hxg4 Bf7
16.Ne2 Bc5 17.Nd4 Qe8 18.b4 Bb6 19.Bb2 h5 20.g5 Nxe5 21.fxe5 Qxe5 22.Qd2 Qxg5
23.Rf5 Qg4 24.Rf4 Qg5 25.Raf1 Bc7 26.Rf5 Qg3 27.R1f3 Qh2+ 28.Kf1 g6 29.Nxc6 bxc6
30.Qd4 Be5 31.Rxe5 c5 32.bxc5 Rab8 33.Rxh5  1-0

[Event "23rd Czech Open A"]
[Site "Pardubice CZE"]
[Date "2012.07.22"]
[Round "3.46"]
[White "Schlosser,P"]
[Black "Novotny,M1"]
[Result "1-0"]
[WhiteElo "2596"]
[BlackElo "2284"]

1.Nf3 d5 2.c4 e6 3.g3 Nf6 4.Bg2 a6 5.b3 Be7 6.O-O O-O 7.Bb2 c5 8.cxd5 Nxd5
9.Nc3 Nc6 10.Nxd5 exd5 11.d4 Bg4 12.Rc1 Bxf3 13.Bxf3 cxd4 14.Bxd4 Ba3 15.Rc2 Nxd4
16.Qxd4 Rc8 17.Rxc8 Qxc8 18.Bxd5 b5 19.e4 Qc2 20.Qa7 Bc5 21.Qxa6 b4 22.Qc4 Qxc4
23.Bxc4 Rd8 24.Bd5 Kf8 25.Rc1 Rc8 26.Kg2 Rc7 27.f4 Ke7 28.Kf3 Bd6 29.Bc4 f6
30.h4 Ra7 31.Rc2 Rc7 32.h5 h6 33.Kg4 Rc5 34.Re2 Kf8 35.Bd5 Rc3 36.Bc4 Ke7
37.e5 fxe5 38.fxe5 Bc7 39.Kf4 Bb6 40.g4 Bg1 41.Kf5 Bd4 42.Kg6 Kf8 43.Re4  1-0

[Event "23rd Czech Open A"]
[Site "Pardubice CZE"]
[Date "2012.07.22"]
[Round "3.6"]
[White "Cvek,R"]
[Black "Simacek,P"]
[Result "1/2-1/2"]
[WhiteElo "2549"]
[BlackElo "2478"]

1.Nf3 d5 2.c4 dxc4 3.e3 c5 4.Bxc4 e6 5.O-O a6 6.Qe2 Nf6 7.Rd1 b5 8.Bb3 c4
9.Bc2 Nc6 10.d3 cxd3 11.Bxd3 Qb6 12.a4 bxa4 13.Nc3 Bd6 14.Nxa4 Qb8 15.Bd2 Nb4
16.Bc3 O-O 17.Bxf6 gxf6 18.Be4 Ra7 19.Rac1 f5 20.Bb1 f6 21.Rd4 Rg7 22.Nc5 a5
23.g3 Bxc5 24.Rxc5 Rc7 25.Rxc7 Qxc7 26.e4 Ba6 27.Qd1 Rc8 28.exf5 e5 29.Rd2 Qc1
30.Rd8+  1/2-1/2